paroles/punchlines de pnl : retrouve la musique - Statistiques

Statistiques générales
  • Ce quiz a été pris 1 924 fois
  • Le résultat moyen est 5 sur 10
Statistiques - réponses
paroles de pnl Titre de la musique % Correct
Elle écoute PNL quand elle est accroupie Bené
79%
Igo, on est voués à l'Enfer, l'ascenseur est en panne au Paradis Le monde ou rien
75%
Ouvre-moi la porte que j'prenne Tarik dans les bras petit Chang
63%
Ce soir je fume un gros gros teh' J'téma ton postérieur je veux le même en po-poster J'comprends pas
54%
J'ai envie d'être vide, ne plus avoir d'âme, redevenir la bête Autre monde
51%
Peur d'mes sentiments, mon cœur se lasse vite La lumière m'a appris que l'obscurité reste Déconnecté
51%
J'suis en lion, fini d'être en chien, fini les vauriens Mowgli 2
40%
Pourquoi tu bois ? Toi, j't'aime pas Un peu comme la prod que j'baise quand même Ryuk
32%
Puta danse la salsa J'suis R7, j'prends tout seul le Barça Sheita
28%
J'les baise tellement qu'les keufs on pris les empreintes d'ma bite J'ai fait l'serment qu'pour les miens je sacrifierai ma vie Wesh la galère
4%
Aucun quiz correspondant
Distribution des résultats
% des personnes avec chaque résultat
Percentile par nombre de réponses
Votre historique - résultats
Vous n’avez pas pris ce quiz